Liverpool vs AC Milan 2005 - Statistics

General Stats
  • This quiz has been taken 2,036 times
  • The average score is 18 of 30
Answer Stats
Hint Answer % Correct
MD Gerrard
94%
GK Dudek
88%
DEF Maldini
88%
GK Dida
82%
MD Kaka
77%
FW Shevchenko
77%
DEF Carragher
76%
DEF Nesta
74%
MD Pirlo
73%
MD Gattuso
69%
DEF Cafu
68%
FW Crespo
68%
MD Xabi Alonso
66%
MD Seedorf
62%
C Benitez
58%
MD Riise
58%
SB Smicer
57%
C Ancelotti
56%
FW Baros
56%
DEF Hyypia
53%
DEF Stam
50%
SB Cisse
46%
DEF Finnan
46%
DEF Traore
45%
FW Kewell
44%
SB Hamann
37%
MD Luis Garcia
36%
SB Serginho
26%
SB Tomasson
18%
SB Rui Costa
17%
No matching quizzes found
Score Distribution
Percent of People with Each Score
Percentile by Number Answered
Your Score History
You have not taken this quiz